ბათუმის შოთა რუსთაველის სახელმწიფო უნივერსიტეტის ბიბლიოთეკა

წყლის კულტი და ქართული ფოლკლორი (ბიბ.ჩანაწერი № 34780)

000 -LEADER
fixed length control field 00775nam a2200217Ia 4500
001 - CONTROL NUMBER
control field 590
003 - CONTROL NUMBER IDENTIFIER
control field GE_BSU
008 - FIXED-LENGTH DATA ELEMENTS--GENERAL INFORMATION
fixed length control field 181216s||||||||xx |||||||||||||| ||und||
040 ## - CATALOGING SOURCE
Transcribing agency GE_BSU
080 ## - UNIVERSAL DECIMAL CLASSIFICATION NUMBER
Universal Decimal Classification number 398
100 ## - MAIN ENTRY--PERSONAL NAME
Personal name თანდილავა,ზურაბ
245 ## - TITLE STATEMENT
Title წყლის კულტი და ქართული ფოლკლორი
245 ## - TITLE STATEMENT
Statement of responsibility, etc. რედ.დ.ხახუტაიშვილი
260 ## - PUBLICATION, DISTRIBUTION, ETC.
Place of publication, distribution, etc. ბათუმი
260 ## - PUBLICATION, DISTRIBUTION, ETC.
Name of publisher, distributor, etc. ბათუმის ბერძენიშვილის სახ. სამეც.–კვლ.ინ–ტი
260 ## - PUBLICATION, DISTRIBUTION, ETC.
Date of publication, distribution, etc. 1996
300 ## - PHYSICAL DESCRIPTION
Extent 230გვ.
653 ## - INDEX TERM--UNCONTROLLED
Uncontrolled term წყლის კულტი და ქართული ფოლკლორი
942 ## - ADDED ENTRY ELEMENTS (KOHA)
Koha item type წიგნი
ეგზემპლარები
Withdrawn status Lost status Damaged status Not for loan Date acquired Barcode Date last seen Price effective from Koha item type
        2018-12-17 933 2018-12-17 2018-12-17 წიგნი